000 01560ngm a2200361 4500
003 dpl
005 20081230171429.0
007 DVD
008 ||||||sp199 xxu|||||c ||| 00| 0 ng d
010 _aDVD-001689-1690
024 _aDHIF0705S
_c39.00
035 _aDVD-001689-1690
040 _aDPL
_cDPL
082 _aDVD / KRIS
245 _aKrishna
_cNanjibhai Shah Presents
_h[videorecording] DVD/
260 _bMoserbaer Entertainment
300 _a1 videodisc DVD;
_bsd., col. ;
_c4 3/4 in.
_fDVD
440 _aMoserbaer Home Entertainment
500 _aMoserbaer India Ltd. has obtained the necessary licence/conssent from the owner of the copyright in the wroks for making this DVD Film.
538 _aDolby Digital 5.1 - Hindi Subtitles: English
538 _aThis DVD can be played back on DVD Players, multimedia systems & PC with MPEG card interactive with version 2.0 players.
650 _aMotion Picture
700 _aShah, Dhirajlal
700 _aDeepak, S.
700 _aMalik, Anu
700 _aShetty, Sunil
700 _aKapoor, Krishma
700 _aKapoor, Shakti
942 _cCF
_2ddc
_hDVD
_mKRIS
999 _c20404
_d20404